000 00769nam a2200229Ii 4500
003 JO-AjNU
008 230605s9999||||xx |||||||||||||| ||und||
017 _a2001/8/1674
020 _a978-9957-66-138-0
040 _aJO-AjNU
_bara
_erda
_cJO-AjNU
041 _aara
050 1 4 _aPJ6111.S2822 2020
100 3 _aالسيد، عبد الحميد مصطفى,
_eauthor
_960688
245 0 0 _aالتطبيق النحوي، الجزء الأول والجزء الثاني
250 _aط1
264 3 1 _aعمان: دار الحامد للنشر، 2020
300 _aج1+ج2: 698ص
336 _atext
_btxt
_2rdacontent
337 _aunmediated
_bn
_2rdamedia
338 _avolume
_bnc
_2rdacarrier
650 4 _aاللغه العربية- قواعد اللغه
_960689
999 _aA27380
_c30948
_d30948